Score 0/33 Timer 03:00
0 Plays Today
Hint 4-Letter Word % Correct
Yellow part of eggYOLK
98.3%
Apple centerCORE
97.7%
Champagne bottle stopperCORK
97.4%
Not softHARD
97.3%
Tined eating toolFORK
97%
Traffic construction markerCONE
95.9%
Walking stickCANE
95.9%
To desire somethingWANT
95.8%
Swarm of cattleHERD
95.8%
Music style of Arlo GuthrieFOLK
95.4%
Magician's implementWAND
95.3%
Distribute playing cardsDEAL
94%
✪ Metacarpal location ✪HAND
93.4%
Bluish-green colorTEAL
92.8%
Michael's computer companyDELL
91.3%
To have graspedHELD
90.8%
Song for twoDUET
90.1%
Hint 4-Letter Word % Correct
Dante's Inferno HELL
90%
Drop of eye-gland liquidTEAR
89.8%
Bucks, does, and fawnsDEER
89.5%
Main body of ship HULL
87.8%
In whaling: '___ she blows!'THAR
87.2%
✪ Slope or incline ✪CANT
86.9%
CherishedDEAR
86.8%
Mammary nippleTEAT
86.3%
Iron oxidationRUST
85.7%
✪ Matte compared to gloss ✪DULL
85.5%
✪ Legendary slugger 'Babe' ✪RUTH
85.5%
Tiny particles in the airDUST
85.1%
Insect repellentDEET
85%
✪ Determinative pronoun ✪THAT
79.5%
Peart, Lee, & LifesonRUSH
75.6%
✪ Former BoSox 1B Kevin (abbrev) ✪YOUK
48.7%

Today's Daily Dose

Remove Ads.
Support Sporcle.
Get the best of Sporcle when you Go Orange. This ad-free experience offers more features, more stats, and more fun while also helping to support Sporcle. Thank you for becoming a member.

You're not logged in!

Compare scores with friends on all Sporcle quizzes.
OR
Log In

Show Comments

Extras

Top Quizzes Today


Score Distribution

Your Account Isn't Verified!

In order to create a playlist on Sporcle, you need to verify the email address you used during registration. Go to your Sporcle Settings to finish the process.

Report this User

Report this user for behavior that violates our Community Guidelines.

Details: